MARC Record
Leader
003
BE-GnUNI
007
't'u
035
a| (MSK)310007229
084
a| XIII.1965.STOCKHOLM.1
100
1
a| Brunius, Goeran
245
0
0
a| Grafiktriennal 1965 (tentoonstelling Stockholm, Nationalmuseum, 1966).
260
a| Stockholm :
b| Nationalmuseum (Stockholm),
c| 1965.
490
0
a| Nationalmusei Utställningskatalog : Moderna museets utställningskatalog
v| 300
546
a| Zweeds
585
a| Grafiktriennal 1965
500
a| Tentoonstellingscatalogus
852
4
b| MSK
c| MSK
j| XIII.1965.STOCKHOLM.1
920
a| boek
001
000007211
005
20241224121607.0